000 00583cam a2200169 a 4500
020 _a0442276338
082 0 0 _a624.183410218
_bRIC
_cN-01,P-41
245 0 0 _aStructural design guide to the ACI building code /
_cPaul F. Rice ... [et al.].
250 _a3rd ed.
260 _aNew York :
_bVan Nostrand Reinhold Co.,
_cc1985.
300 _aix, 477 p. :
_bill. ;
_c24 cm.
526 _a0
_b0
_c0
_d624_183410218000000_RIC
650 0 _aNUST
_96342
650 0 _aReinforced concrete construction
_xSpecifications
_zUnited States.
_946264
700 1 _aRice, Paul F.,
_946265
942 _2ddc
_cBK
999 _c549628
_d549628